| 000 | 00640nam a2200193 i 4500 | ||
|---|---|---|---|
| 001 | 184620 | ||
| 003 | ES-MaACL | ||
| 005 | 20251003063158.0 | ||
| 008 | 151027s1939 sp |||| | spa d | ||
| 100 | 1 |
_aBeltrán de Heredia, Vicente, _d1885-1973 _927359 |
|
| 245 | 1 | 0 |
_aFrancisco de Vitoria / _cpor Vicente Beltrán. |
| 260 |
_aBarcelona : _bLabor, _c1939. |
||
| 300 |
_a193 p. : _b7 lám. ; _c19 cm. |
||
| 490 | 1 |
_aColección Pro Ecclesia et Patria ; _v14 |
|
| 600 | 0 | 4 |
_aVitoria, Francisco de. _9115517 |
| 830 | 0 |
_aColección Pro Ecclesia et Patria ; _v14 _9192193 |
|
| 852 |
_aES-MaACL _jC-29147 |
||
| 999 |
_c184620 _d184620 |
||